[Event "39th Olympiad Women"]
[Site "Khanty-Mansiysk RUS"]
[Date "2010.10.01"]
[Round "10"]
[White "Chen, I-Chen"]
[Black "Zsiltzova-Lisenko, Lubov"]
[Result "0-1"]
[BlackTitle "WIM"]
[WhiteElo "1699"]
[BlackElo "2282"]
[Board "25.1"]
[WhiteTeam "TPE"]
[BlackTeam "IBCA"]
[WhiteFideId "16300181"]
[BlackFideId "14101360"]
[EventDate "2010.09.21"]
[EventType "team"]

1. e4 c5 2. Nf3 d6 3. d4 cxd4 4. Nxd4 Nf6 5. Nc3 a6 6. Be2 e5 7. Nb3 Be7 8. O-O
O-O 9. Qd3 b5 10. Nd5 Nxd5 11. Qxd5 Ra7 12. Be3 Be6 13. Qd2 Rd7 14. f4 exf4 15.
Bxf4 Nc6 16. Rfd1 Bf6 17. c3 Ne5 18. Nd4 Qa8 19. Qe3 Qb7 20. b3 Re8 21. a4 b4
22. c4 Ng6 23. Bg3 h6 24. Bf3 Ne5 25. Rac1 Bg5 26. Bf4 Bf6 27. Ne2 g5 28. Bxe5
Bxe5 29. g3 Rc7 30. Kh1 Qc8 31. Nd4 Kh7 32. Qd3 Bd7 33. Rf1 Rf8 34. Nf5 Bxf5 35.
exf5 f6 36. Bd5 Qe8 37. Be6 Qh5 38. Qf3 g4 39. Qg2 Rb8 40. Rcd1 Rc5 41. Bd5 Re8
42. Be6 Re7 43. Bd5 a5 44. Be6 Rg7 45. Rf2 Qg5 46. Rfd2 h5 47. Rd3 h4 48. Kg1 h3
49. Qd2 Kh6 50. Kf1 Rgc7 51. Ke2 Kg7 52. Qxg5+ fxg5 53. Ke3 Kf6 54. Ke4 Rh7 55.
Bd5 Bc3 56. Be6 Re5# 0-1

[Event "39th Olympiad Women"]
[Site "Khanty-Mansiysk RUS"]
[Date "2010.10.01"]
[Round "10"]
[White "Stolarczyk, Anna"]
[Black "Lin, Yu-Tong Elaine"]
[Result "1-0"]
[WhiteTitle "WCM"]
[WhiteElo "2071"]
[BlackElo "1464"]
[Board "25.2"]
[WhiteTeam "IBCA"]
[BlackTeam "TPE"]
[WhiteFideId "1126423"]
[BlackFideId "16300149"]
[EventDate "2010.09.21"]
[EventType "team"]

1. d4 Nf6 2. c4 g6 3. Nc3 Bg7 4. e4 d6 5. Bd3 e5 6. d5 O-O 7. Nge2 Nfd7 8. O-O
Nc5 9. Bc2 f5 10. f4 Nxe4 11. Nxe4 fxe4 12. Bxe4 Bg4 13. Rb1 Nd7 14. h3 Bxe2 15.
Qxe2 exf4 16. Bxf4 Qh4 17. Qg4 Qxg4 18. hxg4 Rae8 19. Bd3 Nc5 20. Rbd1 Bxb2 21.
Bb1 Rf7 22. g3 Rfe7 23. Kf2 Ne4+ 24. Kf3 Bg7 25. Bxe4 Rxe4 26. c5 Bf8 27. Rf2
Rc4 28. Rb2 b6 29. c6 Rc3+ 30. Kg2 Bg7 31. Rbd2 Ra3 32. Rf1 a5 33. Rf3 Rxf3 34.
Kxf3 Kf7 35. Rh2 Rh8 36. a4 Bd4 37. Ke4 Bf6 38. Rf2 Re8+ 39. Kd3 Kg7 40. Re2
Rxe2 41. Kxe2 g5 42. Bxd6 Bd8 43. Be5+ Kf7 44. d6 cxd6 45. Bxd6 b5 46. axb5 a4
47. c7 Bxc7 48. Bxc7 Ke6 49. Kd3 Kd5 50. b6 Kc6 51. Kc4 a3 52. Kb3 a2 53. Kxa2 1-0

[Event "39th Olympiad Women"]
[Site "Khanty-Mansiysk RUS"]
[Date "2010.10.01"]
[Round "10"]
[White "Camacho, Chardine Cheradee"]
[Black "Sukandar, Irine Kharisma"]
[Result "1/2-1/2"]
[WhiteTitle "WFM"]
[BlackTitle "WGM"]
[WhiteElo "2186"]
[BlackElo "2372"]
[Board "26.1"]
[WhiteTeam "PHI"]
[BlackTeam "INA"]
[WhiteFideId "5201829"]
[BlackFideId "7101937"]
[EventDate "2010.09.21"]
[EventType "team"]

1. e4 e5 2. Nf3 Nc6 3. d4 exd4 4. Bc4 Nf6 5. e5 Ng4 6. Qe2 Qe7 7. Bf4 d6 8. exd6
cxd6 9. O-O Qxe2 10. Bxe2 Nge5 11. Nbd2 Be7 12. Nb3 Nxf3+ 13. Bxf3 Be6 14. Bxc6+
bxc6 15. Nxd4 Kd7 16. Rad1 Rab8 17. b3 c5 18. Nf3 Kc6 19. Rfe1 h6 20. Nd2 Rbd8
21. c4 Rd7 22. Ne4 Rhd8 23. Nc3 d5 24. cxd5+ Bxd5 25. Nxd5 Rxd5 26. Rxd5 Rxd5
27. Kf1 Bf6 28. Ke2 Kb5 29. Rc1 Bd4 30. Rc4 Rf5 31. Be3 Re5 32. Kd3 Bxe3 33.
fxe3 h5 34. h4 Rd5+ 35. Ke2 Kc6 36. Re4 Rd7 37. Re5 g6 38. e4 Rc7 39. Ke3 Kb5
40. Rd5 Kb4 41. Rd2 a5 42. Rc2 Rd7 43. Rc4+ Kb5 44. Ke2 Rd6 45. Ra4 Re6 46. Kf3
Rf6+ 47. Ke2 Rd6 48. Rc4 Rd7 49. Ra4 Rc7 50. Rc4 Ra7 51. Ra4 Kc6 52. Kd3 Kb5 53.
Ke2 Rb7 54. Ke3 Rb6 55. Rc4 Rb7 56. Ra4 Re7 57. Kf3 Re5 58. Kf4 Re6 59. Kf3 Rd6
60. Ke2 Rd8 61. Rc4 Ra8 62. Ra4 Rf8 63. Ke3 Rd8 64. Ke2 1/2-1/2

[Event "39th Olympiad Women"]
[Site "Khanty-Mansiysk RUS"]
[Date "2010.10.01"]
[Round "10"]
[White "Lestari, Baiq Vina"]
[Black "Perena, Catherine"]
[Result "1-0"]
[BlackTitle "WFM"]
[WhiteElo "2177"]
[BlackElo "2103"]
[Board "26.2"]
[WhiteTeam "INA"]
[BlackTeam "PHI"]
[WhiteFideId "7102496"]
[BlackFideId "5202744"]
[EventDate "2010.09.21"]
[EventType "team"]

1. e4 e5 2. Nf3 Nf6 3. d4 Nxe4 4. dxe5 d5 5. Nbd2 Nc5 6. Nb3 h6 7. Nxc5 Bxc5 8.
Bd3 O-O 9. Bf4 Nc6 10. c3 Re8 11. O-O Bg4 12. Re1 Qd7 13. Bc2 Rad8 14. Qd3 g6
15. Bxh6 d4 16. Rad1 Bf5 17. Qd2 Bxc2 18. Qxc2 d3 19. Qd2 Qd5 20. Qg5 Re6 21.
Qh4 Ne7 22. Bg5 Nf5 23. Qh3 Kg7 24. Bxd8 Qxd8 25. Qg4 Rb6 26. b4 Be7 27. Qc4 c5
28. Rxd3 Qc8 29. Red1 a6 30. Rd7 Re6 31. Ng5 Rxe5 32. Qxf7+ Kh6 33. f4 Qh8 34.
fxe5 Qxe5 35. Rxe7 Nxe7 36. Nf3 Qe3+ 37. Kh1 Nf5 38. Qf8+ Kh5 39. Qxc5 Qe2 40.
Re1 Qxa2 41. Nd4 Qf2 42. Rg1 b6 43. Qe5 1-0

[Event "39th Olympiad Women"]
[Site "Khanty-Mansiysk RUS"]
[Date "2010.10.01"]
[Round "10"]
[White "Caoili, Arianne"]
[Black "Hernandez Guerrero, Yadira"]
[Result "1-0"]
[WhiteTitle "WIM"]
[BlackTitle "WIM"]
[WhiteElo "2243"]
[BlackElo "2160"]
[Board "27.1"]
[WhiteTeam "AUS"]
[BlackTeam "MEX"]
[WhiteFideId "5201179"]
[BlackFideId "5100992"]
[EventDate "2010.09.21"]
[EventType "team"]

1. e4 c5 2. Nf3 Nc6 3. g3 d6 4. Bg2 e5 5. O-O Be7 6. h3 h5 7. c3 g5 8. Qb3 g4 9.
hxg4 hxg4 10. Nh2 a6 11. Na3 Be6 12. Qd1 Nf6 13. Nc2 d5 14. exd5 Bxd5 15. Ne3
Be6 16. Nhxg4 Nxg4 17. Nxg4 Qd7 18. Nh2 O-O-O 19. Re1 c4 20. b3 Bc5 21. Nf1 Bh3
22. Qf3 f5 23. Bxh3 Rxh3 24. bxc4 Rdh8 25. d3 Rh1+ 26. Qxh1 Bxf2+ 27. Kxf2 Rxh1
28. Re3 f4 29. Rf3 Qg4 30. Ba3 fxg3+ 31. Rxg3 Qf4+ 32. Kg2 Qh4 33. Re1 Kd7 34.
Re4 Qh5 35. Reg4 Kc7 36. Bc5 Nd8 37. Rg5 Qe2+ 38. Kxh1 Qxf1+ 39. Bg1 Ne6 40.
Rxe5 Kd6 41. d4 Nf4 42. Rf5 Ke6 43. Re5+ Kf6 44. Ree3 Kf5 45. Ref3 Qd1 46. Rf2
Ke4 47. Re3+ Kxe3 48. Rf1+ Ke2 49. Rxd1 Kxd1 50. Be3 Ng6 51. d5 Ke2 52. Bd4 Kd3
53. c5 Kc4 54. c6 bxc6 55. dxc6 Ne7 56. c7 Kd5 57. Kg2 Kc6 58. Be5 Kd5 59. Bf6
Nc8 60. Kf3 Kd6 61. Bd8 Kd5 62. Ke3 Kc4 63. Bf6 Nd6 64. Be5 Nc8 65. Ke4 a5 66.
Kf5 Kc5 67. Ke6 Kc6 68. Bf4 a4 69. a3 Nb6 70. Ke7 Nc8+ 71. Kd8 Kb7 72. Be3 Ka8
73. Kd7 Kb7 74. c4 Ka8 75. c5 Kb7 76. c6+ Ka8 77. Kd8 Ne7 78. Kd7 Nc8 79. Bf4
Nb6+ 80. Kd8 1-0

[Event "39th Olympiad Women"]
[Site "Khanty-Mansiysk RUS"]
[Date "2010.10.01"]
[Round "10"]
[White "Guerrero Rodriguez, Alejandra"]
[Black "Nguyen, Thu Giang"]
[Result "0-1"]
[WhiteTitle "WIM"]
[WhiteElo "2128"]
[BlackElo "2108"]
[Board "27.2"]
[WhiteTeam "MEX"]
[BlackTeam "AUS"]
[WhiteFideId "5104297"]
[BlackFideId "12400980"]
[EventDate "2010.09.21"]
[EventType "team"]

1. e4 Nf6 2. e5 Nd5 3. d4 d6 4. Nf3 dxe5 5. Nxe5 c6 6. Bd3 Nd7 7. O-O g6 8. Qe1
Bg7 9. Nf3 N7b6 10. h3 O-O 11. c4 Nc7 12. c5 Nbd5 13. Na3 Ne6 14. Nc2 b6 15. b4
a5 16. cxb6 Qxb6 17. Rb1 axb4 18. Nxb4 Nxb4 19. Rxb4 Qd8 20. Bb1 Ba6 21. Be3
Bxf1 22. Qxf1 Qd5 23. Rc4 Rfb8 24. Rc1 Nxd4 25. Nxd4 Bxd4 26. Bxd4 Qxd4 27. Rxc6
Rb2 28. Rc4 Qb6 29. Rc1 Rd8 30. Bd3 Rxd3 0-1

[Event "39th Olympiad Women"]
[Site "Khanty-Mansiysk RUS"]
[Date "2010.10.01"]
[Round "10"]
[White "Dekic, Biljana N."]
[Black "Mendoza Velazquez, Lorena Alejan"]
[Result "1-0"]
[WhiteTitle "WIM"]
[BlackTitle "WIM"]
[WhiteElo "2104"]
[BlackElo "2038"]
[Board "27.3"]
[WhiteTeam "AUS"]
[BlackTeam "MEX"]
[WhiteFideId "3200493"]
[BlackFideId "5101794"]
[EventDate "2010.09.21"]
[EventType "team"]

1. e4 c5 2. Nf3 g6 3. d4 cxd4 4. Qxd4 Nf6 5. Nc3 Nc6 6. Qd1 Bg7 7. Be2 O-O 8. h3
d6 9. O-O h6 10. Be3 Be6 11. Qd2 Kh7 12. Nd4 d5 13. Nxe6 fxe6 14. exd5 exd5 15.
Rad1 e6 16. Bc5 Rf7 17. f3 Rd7 18. Bd3 d4 19. Ne4 Nd5 20. Rde1 b6 21. Ba3 Ne3
22. Rf2 Ne5 23. b3 Rc8 24. f4 Nxd3 25. Qxd3 Rc6 26. Ree2 Rd5 27. Bc1 b5 28. a3
a5 29. Kh2 Qh4 30. Rf3 Ng4+ 31. Kg1 Nf6 32. Nxf6+ Qxf6 33. Bd2 a4 34. g4 Bf8 35.
b4 Bg7 36. Kg2 Rc7 37. Be1 Rf7 38. Bg3 Kg8 39. Qe4 g5 40. f5 Rd8 41. fxe6 Qxf3+
42. Qxf3 Rxf3 43. Kxf3 Bf6 44. Ke4 Kf8 45. Bc7 Rc8 46. Bd6+ Ke8 47. Bc5 Rc7 48.
Rf2 Bg7 49. Rf5 Rb7 50. Kd5 Rc7 51. Rf3 1-0

[Event "39th Olympiad Women"]
[Site "Khanty-Mansiysk RUS"]
[Date "2010.10.01"]
[Round "10"]
[White "Duran Juarez, Citlali"]
[Black "Reid, Vaness"]
[Result "1/2-1/2"]
[BlackTitle "WFM"]
[WhiteElo "1957"]
[BlackElo "1839"]
[Board "27.4"]
[WhiteTeam "MEX"]
[BlackTeam "AUS"]
[WhiteFideId "5104084"]
[BlackFideId "3205835"]
[EventDate "2010.09.21"]
[EventType "team"]

1. e4 c6 2. d4 d5 3. f3 dxe4 4. fxe4 Nf6 5. Nc3 Bg4 6. Nf3 e6 7. e5 Nd5 8. Ne4
Be7 9. Bd3 Nb4 10. c3 Nxd3+ 11. Qxd3 c5 12. Qb5+ Qd7 13. Qxd7+ Nxd7 14. Be3 cxd4
15. Bxd4 O-O 16. O-O b6 17. Nfd2 Rac8 18. Rae1 Bf5 19. b3 Nc5 20. Nxc5 Bxc5 21.
Bxc5 Rxc5 22. c4 Rd8 23. Nf3 Rc7 24. Rf2 Rcd7 25. h3 Bg6 26. Rfe2 Bh5 27. Kf2
Kf8 28. Re3 Ke7 29. R1e2 h6 30. g3 Rd1 31. g4 Bg6 32. Re1 R1d7 33. R1e2 Rd1 34.
Re1 R1d7 35. R1e2 1/2-1/2

[Event "39th Olympiad Women"]
[Site "Khanty-Mansiysk RUS"]
[Date "2010.10.01"]
[Round "10"]
[White "Elgohary, Myada"]
[Black "Igla, Bella"]
[Result "0-1"]
[BlackTitle "WGM"]
[WhiteElo "1751"]
[BlackElo "2271"]
[Board "28.1"]
[WhiteTeam "EGY"]
[BlackTeam "ISR"]
[WhiteFideId "10605355"]
[BlackFideId "2806819"]
[EventDate "2010.09.21"]
[EventType "team"]

1. e4 c5 2. Nc3 a6 3. g3 b5 4. Bg2 Bb7 5. Nge2 g6 6. O-O Bg7 7. d3 Nc6 8. Be3
Nd4 9. Qd2 e6 10. f4 Ne7 11. Rf2 Qc7 12. Nd1 Nxe2+ 13. Rxe2 d5 14. f5 gxf5 15.
Bh6 Bd4+ 16. Kh1 dxe4 17. c3 exd3 18. Bxb7 Qxb7+ 19. Rg2 Be5 20. Qxd3 Qe4 21.
Qf1 Rg8 22. Kg1 f6 23. Nf2 Qf3 24. a4 Kf7 25. Qc1 c4 26. Nh3 Qh5 27. Nf2 Nd5 28.
Bd2 Bd6 29. axb5 axb5 30. Nd1 Bc5+ 31. Nf2 Qe2 32. Kh1 Bxf2 33. Be1 Qf1+ 0-1

[Event "39th Olympiad Women"]
[Site "Khanty-Mansiysk RUS"]
[Date "2010.10.01"]
[Round "10"]
[White "Pitam, Ella"]
[Black "Elansary, Eman"]
[Result "1-0"]
[WhiteTitle "WGM"]
[WhiteElo "2293"]
[BlackElo "1836"]
[Board "28.2"]
[WhiteTeam "ISR"]
[BlackTeam "EGY"]
[WhiteFideId "2802244"]
[BlackFideId "10606700"]
[EventDate "2010.09.21"]
[EventType "team"]

1. Nf3 Nf6 2. g3 g6 3. Bg2 Bg7 4. O-O O-O 5. c4 c5 6. Nc3 Nc6 7. d4 cxd4 8. Nxd4
a6 9. Nc2 d6 10. b3 Bf5 11. e4 Bg4 12. f3 Bc8 13. Kh1 e6 14. Be3 Ng4 15. Bd2 Nf6
16. Ne3 Ne7 17. f4 d5 18. cxd5 exd5 19. exd5 h5 20. Qe2 Re8 21. Qf2 Bf5 22. h3
Qd7 23. Nxf5 Nxf5 24. Rfe1 Rad8 25. Re5 Nh7 26. Rae1 Bxe5 27. fxe5 Re7 28. g4
hxg4 29. hxg4 Ng7 30. d6 Re6 31. Nd5 Rxe5 32. Rxe5 Qxd6 33. Ne7+ Kf8 34. Re2 Rd7
35. Nd5 Kg8 36. Bb4 Qb8 37. Re7 1-0

[Event "39th Olympiad Women"]
[Site "Khanty-Mansiysk RUS"]
[Date "2010.10.01"]
[Round "10"]
[White "Mona, Khaled"]
[Black "Vasiliev, Olga"]
[Result "0-1"]
[WhiteTitle "WGM"]
[BlackTitle "WIM"]
[WhiteElo "2103"]
[BlackElo "2293"]
[Board "28.3"]
[WhiteTeam "EGY"]
[BlackTeam "ISR"]
[WhiteFideId "10605908"]
[BlackFideId "2807602"]
[EventDate "2010.09.21"]
[EventType "team"]

1. d4 f5 2. e3 Nf6 3. Bd3 g6 4. c4 Bg7 5. Nc3 O-O 6. Nge2 d6 7. O-O e5 8. f3 c6
9. b4 Qe7 10. Qb3 e4 11. fxe4 fxe4 12. Bc2 Bf5 13. Bb2 Ng4 14. Nd1 Nd7 15. h3
Nh6 16. Nf2 Rae8 17. a4 Qg5 18. Ba3 Nf7 19. Rae1 h5 20. Nc3 Qh4 21. Qb1 Ng5 22.
Kh2 Nf6 23. Bd1 Ng4+ 24. Nxg4 hxg4 25. b5 g3+ 26. Kg1 Bxh3 27. gxh3 Nxh3+ 28.
Kg2 Nf4+ 0-1

[Event "39th Olympiad Women"]
[Site "Khanty-Mansiysk RUS"]
[Date "2010.10.01"]
[Round "10"]
[White "Efroimski, Marsel"]
[Black "Elgohary, Fayrouz"]
[Result "1-0"]
[WhiteTitle "WFM"]
[WhiteElo "2244"]
[BlackElo "1820"]
[Board "28.4"]
[WhiteTeam "ISR"]
[BlackTeam "EGY"]
[WhiteFideId "2810964"]
[BlackFideId "10605347"]
[EventDate "2010.09.21"]
[EventType "team"]

1. e4 d5 2. exd5 Nf6 3. d4 Nxd5 4. Nf3 Bg4 5. h3 Bh5 6. c4 Nf6 7. g4 Bg6 8. Bg2
c6 9. Nc3 e6 10. a3 Bd6 11. Qe2 O-O 12. Bg5 Nbd7 13. h4 h5 14. Ne5 Qc7 15. Nxd7
Nxd7 16. gxh5 Bh7 17. h6 Bf4 18. hxg7 Rfe8 19. Bxf4 Qxf4 20. Qe3 Qf6 21. Be4
Qxg7 22. O-O-O Kh8 23. Rdg1 Qf6 24. Bxh7 Kxh7 25. Ne4 Qe7 26. Qf3 Qf8 27. Ng5+ 1-0

[Event "39th Olympiad Women"]
[Site "Khanty-Mansiysk RUS"]
[Date "2010.10.01"]
[Round "10"]
[White "Tjolsen, Katrine"]
[Black "Geldyeva, Mekhri"]
[Result "1/2-1/2"]
[WhiteTitle "WIM"]
[BlackTitle "WGM"]
[WhiteElo "2259"]
[BlackElo "2260"]
[Board "29.1"]
[WhiteTeam "NOR"]
[BlackTeam "TKM"]
[WhiteFideId "1505793"]
[BlackFideId "14000059"]
[EventDate "2010.09.21"]
[EventType "team"]

1. Nf3 d5 2. d4 e6 3. g3 c5 4. Bg2 Nc6 5. O-O Qb6 6. e3 Nf6 7. b3 cxd4 8. exd4
Be7 9. c4 dxc4 10. bxc4 O-O 11. h3 Qa6 12. Qe2 Rd8 13. Bb2 Bd7 14. Nbd2 Be8 15.
Rfe1 Nb4 16. Nb3 Nc6 17. Ng5 h6 18. Nf3 Rac8 19. Nh4 Bb4 20. Red1 Na5 21. Nxa5
Bxa5 22. Rac1 Ba4 23. Rf1 b5 24. c5 Nd5 25. Nf3 Qb7 26. Ne5 b4 27. Nc4 Bc7 28.
Rfe1 Bb5 29. Qc2 Qa6 30. Bf1 Qb7 31. a4 Bc6 32. a5 Bb5 33. Ra1 Qa6 34. Bd3 Rb8
35. Qe2 Nc3 36. Bxc3 bxc3 37. Red1 Kf8 38. Nb6 Bxd3 39. Qxd3 Qxd3 40. Rxd3 c2
41. Rc1 axb6 42. axb6 Be5 43. Rxc2 Rxd4 44. Rb3 Rdd8 45. c6 Rdc8 46. b7 Rc7 47.
h4 Ke7 48. Kf1 Bd6 49. Ke2 e5 50. Rb6 Ke6 51. Kd3 f5 52. Kc4 Rf7 53. Ra6 f4 54.
Rd2 fxg3 55. fxg3 Rf1 56. Raa2 Rc1+ 57. Kb5 e4 58. Kb6 Bxg3 59. Re2 Kf5 60. Ra5+
Kf4 61. Ra4 Kf3 62. Rexe4 g5 63. hxg5 hxg5 64. Rec4 Bf2+ 65. Kc7 Bg3+ 66. Kb6
Bf2+ 67. Ka6 Rb1 68. Rc3+ Ke2 69. Ra2+ Ke1 70. Rh3 Bg1 71. Rh1 Kf1 72. Rxg1+
Kxg1 73. Ra4 Kf2 74. Rg4 Ra1+ 75. Kb6 Rg8 76. c7 Rb1+ 77. Kc6 Kf3 78. Rd4 Rxb7
79. Kxb7 g4 80. c8=Q Rxc8 81. Kxc8 g3 1/2-1/2

[Event "39th Olympiad Women"]
[Site "Khanty-Mansiysk RUS"]
[Date "2010.10.01"]
[Round "10"]
[White "Hallaeva, Bahar"]
[Black "Bjerke, Silje"]
[Result "0-1"]
[WhiteTitle "WFM"]
[BlackTitle "WIM"]
[WhiteElo "2174"]
[BlackElo "2205"]
[Board "29.2"]
[WhiteTeam "TKM"]
[BlackTeam "NOR"]
[WhiteFideId "14000679"]
[BlackFideId "1502786"]
[EventDate "2010.09.21"]
[EventType "team"]

1. e4 e5 2. Nf3 Nc6 3. d4 exd4 4. Bc4 Nf6 5. O-O Nxe4 6. Re1 d5 7. Bxd5 Qxd5 8.
Nc3 Qa5 9. Nxe4 Be6 10. Neg5 O-O-O 11. Nxe6 fxe6 12. Rxe6 Bd6 13. Bg5 Rde8 14.
Qe1 Qxe1+ 15. Raxe1 Kd7 16. Rxe8 Rxe8 17. Rxe8 Kxe8 18. Kf1 Kd7 19. Ke2 Ke6 20.
Kd3 Kd5 21. c4+ dxc3 22. bxc3 Ne5+ 23. Nxe5 Bxe5 24. h3 b5 25. Bd2 c5 26. f4 c4+
27. Ke2 Bd6 28. Be3 a6 29. Bd4 g6 30. Ke3 Ba3 31. Bb6 Bc1+ 32. Kf3 b4 33. cxb4
c3 34. Ke2 Kc4 35. Kd1 Bxf4 36. Kc2 Kxb4 37. Bd8 Ka3 38. Kb1 c2+ 39. Kxc2 Kxa2
40. Be7 Bg3 41. Bb4 Bc7 42. g4 a5 43. Be7 Bg3 44. h4 Be1 45. h5 Bb4 46. Bd8 Ka3
47. Bg5 Ka4 48. hxg6 hxg6 49. Bf6 Kb5 50. Kd3 a4 51. Bg5 a3 52. Bf6 Kc6 53. Kc4
Bd2 54. Kb3 Bc1 55. Kc2 Bb2 56. Bg5 Kd5 57. Kb3 Ke4 58. Bd2 Kf3 59. g5 Ke4 60.
Ka2 Kf5 61. Be3 Be5 62. Kxa3 Bf4 63. Bg1 Bxg5 64. Kb3 Ke4 65. Kc2 Be3 66. Bh2
Kf3 67. Kd1 Kf2 68. Bd6 g5 69. Be7 g4 70. Bd6 Kf1 71. Be5 Bf2 72. Bd6 Bh4 73.
Be5 Kf2 74. Bd6 Bg3 75. Bc5+ Kf1 76. Bb4 Bf4 77. Be1 Be3 78. Bg3 Bg5 79. Bd6 Bh4
80. Be5 Kf2 81. Bd6 Kf3 82. Be5 Bg3 83. Bf6 Bd6 84. Bd4 g3 85. Bg1 g2 86. Bb6
Bf4 87. Bg1 Be3 88. Bh2 Kf2 89. Kc2 Bf4 90. Bxf4 g1=Q 0-1

[Event "39th Olympiad Women"]
[Site "Khanty-Mansiysk RUS"]
[Date "2010.10.01"]
[Round "10"]
[White "Sahl, Sheila Barth"]
[Black "Ovezova, Maisa"]
[Result "1-0"]
[WhiteTitle "WIM"]
[BlackTitle "WFM"]
[WhiteElo "2175"]
[BlackElo "2117"]
[Board "29.3"]
[WhiteTeam "NOR"]
[BlackTeam "TKM"]
[WhiteFideId "1500953"]
[BlackFideId "14000393"]
[EventDate "2010.09.21"]
[EventType "team"]

1. e4 e6 2. d4 d5 3. Nd2 dxe4 4. Nxe4 Nf6 5. Nxf6+ Qxf6 6. Nf3 h6 7. Be3 Bd6 8.
Qd2 Nd7 9. O-O-O c6 10. Kb1 b5 11. Bd3 O-O 12. Ng5 Qe7 13. Ne4 Bc7 14. f4 f5 15.
Nc5 Nxc5 16. dxc5 e5 17. fxe5 Bxe5 18. g3 Qf6 19. c3 a5 20. Bf4 b4 21. Bc4+ Kh8
22. Bxe5 Qxe5 23. Qd6 Qxd6 24. cxd6 Bd7 25. Rhf1 g6 26. Kc2 Kg7 27. Rfe1 Kf6 28.
Re7 Ra7 29. Be6 Rd8 30. c4 c5 31. Re1 Rb7 32. Rf7+ Kg5 33. Bxd7 Rbxd7 34. Rxd7
Rxd7 35. Re6 a4 36. Kd3 f4 37. Ke4 f3 38. h4+ Kh5 39. Kxf3 g5 40. g4+ 1-0

[Event "39th Olympiad Women"]
[Site "Khanty-Mansiysk RUS"]
[Date "2010.10.01"]
[Round "10"]
[White "Isayeva, Aynur"]
[Black "Khachatourian, Yerazik"]
[Result "1-0"]
[WhiteElo "2025"]
[BlackElo "2025"]
[Board "29.4"]
[WhiteTeam "TKM"]
[BlackTeam "NOR"]
[WhiteFideId "14001845"]
[BlackFideId "12501948"]
[EventDate "2010.09.21"]
[EventType "team"]

1. d4 Nf6 2. c4 g6 3. Nc3 Bg7 4. e4 d6 5. f4 O-O 6. e5 Nfd7 7. Nf3 c5 8. exd6
exd6 9. Be3 Re8 10. Qd2 Nc6 11. O-O-O Qa5 12. a3 Nf6 13. Nb5 Ng4 14. Bg1 Bf5 15.
Nxd6 Qa4 16. Nxf5 gxf5 17. h3 Nf6 18. dxc5 Ne4 19. Qc2 Qa6 20. Bd3 Nb4 21. axb4
Qa1+ 22. Qb1 Bxb2+ 23. Kc2 Qa4+ 24. Kxb2 Qxb4+ 25. Kc1 Qc3+ 26. Bc2 Rad8 27. Bd4
Rxd4 28. Rxd4 Qe3+ 29. Rd2 Rd8 30. Rd1 Rxd2 31. Nxd2 Nc3 32. Qb3 Ne2+ 33. Kb2
Qd4+ 34. Ka3 Qxc5+ 35. Qb4 Qe3+ 36. Nb3 a5 37. Rd8+ Kg7 38. Qf8+ Kg6 39. Rd6+
Kh5 40. Qh6# 1-0

[Event "39th Olympiad Women"]
[Site "Khanty-Mansiysk RUS"]
[Date "2010.10.01"]
[Round "10"]
[White "Nasriddinzoda, Marvorii"]
[Black "Boric, Elena"]
[Result "0-1"]
[BlackTitle "WIM"]
[WhiteElo "1943"]
[BlackElo "2286"]
[Board "30.1"]
[WhiteTeam "TJK"]
[BlackTeam "BIH"]
[WhiteFideId "14700395"]
[BlackFideId "14400839"]
[EventDate "2010.09.21"]
[EventType "team"]

1. f4 d5 2. Nf3 g6 3. e3 Bg7 4. Be2 Nh6 5. O-O O-O 6. Ne5 f6 7. Ng4 Nf7 8. d3 f5
9. Nf2 e5 10. fxe5 Nxe5 11. Nd2 Nbc6 12. c3 Be6 13. Nb3 Qe7 14. Nd4 Bf7 15. Qc2
Rad8 16. b4 Rfe8 17. a4 f4 18. b5 fxe3 19. Bxe3 Nxd4 20. Bxd4 c5 21. bxc6 bxc6
22. Rae1 c5 23. Bxe5 Qxe5 24. Ng4 Qg5 25. Bf3 h5 26. Nf2 Qf6 27. c4 dxc4 28.
dxc4 Rxe1 29. Rxe1 Rb8 30. Rd1 Rb2 31. Qe4 Kh7 32. Nh3 Kh6 33. Qe3+ g5 34. Be2
Qd4 35. Qxd4 Bxd4+ 36. Kf1 Be8 37. a5 Ba4 38. Rc1 Bc6 39. Nf2 Bxg2+ 40. Ke1 g4
41. Nxg4+ hxg4 42. Bxg4 Kg5 43. Be2 Be4 44. a6 Ra2 45. h3 Rxa6 46. Bd1 Bb2 0-1

[Event "39th Olympiad Women"]
[Site "Khanty-Mansiysk RUS"]
[Date "2010.10.01"]
[Round "10"]
[White "Dimitrijevic, Aleksandra"]
[Black "Antonova, Nadezhda"]
[Result "1/2-1/2"]
[WhiteTitle "WFM"]
[WhiteElo "2242"]
[BlackElo "1838"]
[Board "30.2"]
[WhiteTeam "BIH"]
[BlackTeam "TJK"]
[WhiteFideId "929239"]
[BlackFideId "14700182"]
[EventDate "2010.09.21"]
[EventType "team"]

1. c4 d6 2. Nc3 g6 3. Nf3 Bg7 4. d4 Nd7 5. e3 e5 6. Be2 Ne7 7. O-O O-O 8. Rb1 a5
9. a3 exd4 10. exd4 d5 11. cxd5 Nb6 12. Bg5 f6 13. Bf4 Nexd5 14. Bg3 Bf5 15. Rc1
Bh6 16. Nxd5 Nxd5 17. Rc4 Be6 18. Qc2 c6 19. Rc5 Rf7 20. Bd3 Bf8 21. Rc4 Rd7 22.
Re1 Bf7 23. Qc1 Nc7 24. Bxc7 Qxc7 25. Rc2 Rad8 26. Rce2 c5 27. Bb5 Re7 28. Rxe7
Bxe7 29. Bc4 b6 30. Bxf7+ Kxf7 31. Qc4+ Kf8 32. b4 axb4 33. axb4 Rc8 34. dxc5
bxc5 35. Qh4 Kg7 36. bxc5 Bxc5 37. h3 Qb6 38. Nh2 Rc6 39. Ng4 h5 40. Nh2 Re6 41.
Rxe6 Qxe6 42. Nf1 Qb6 1/2-1/2

[Event "39th Olympiad Women"]
[Site "Khanty-Mansiysk RUS"]
[Date "2010.10.01"]
[Round "10"]
[White "Heinatz, Gundula"]
[Black "Greeff, Melissa"]
[Result "1-0"]
[WhiteTitle "WIM"]
[BlackTitle "WGM"]
[WhiteElo "2228"]
[BlackElo "2079"]
[Board "31.1"]
[WhiteTeam "SUI"]
[BlackTeam "RSA"]
[WhiteFideId "4612434"]
[BlackFideId "14301504"]
[EventDate "2010.09.21"]
[EventType "team"]

1. Nf3 Nf6 2. d4 e6 3. Bg5 h6 4. Bh4 c5 5. e3 Qb6 6. b3 Ne4 7. c3 d5 8. Bd3 Nd7
9. O-O cxd4 10. exd4 Ndf6 11. Bxf6 Nxf6 12. Ne5 Bd7 13. Qe2 Rc8 14. Kh1 a6 15.
f4 Bd6 16. Nxd7 Kxd7 17. b4 Qc7 18. Nd2 Bxf4 19. Nf3 Ke7 20. Rab1 Qxc3 21. b5 a5
22. Rb3 Qc7 23. b6 Qc6 24. Nh4 Bb8 25. Qe1 Kf8 26. Qxa5 Qd6 27. Nf3 Ng4 28. g3
Ne3 29. Re1 Ng4 30. Qd2 h5 31. Rf1 Ke7 32. Qg5+ Kf8 33. Nh4 Nf6 34. Ng6+ fxg6
35. Rxf6+ Kg8 36. Qxg6 Qe7 37. Rxe6 Qf7 38. Rb1 Qxg6 39. Bxg6 h4 40. Rbe1 Rf8
41. g4 h3 42. Kg1 Rh6 43. R1e2 Bf4 44. a4 Rh4 45. Bf5 Rh6 46. a5 Rxe6 47. Bxe6+
Kh7 48. Bxd5 Ra8 49. Ra2 Be3+ 50. Kf1 Rf8+ 51. Ke1 Rb8 52. Ra3 Bxd4 53. Rxh3+
Kg6 54. Rd3 Bc5 55. Be4+ Kf6 56. Ke2 Bb4 57. Rd5 Ra8 58. Rb5 Bxa5 59. Bxb7 Re8+
60. Kf3 Re5 61. Bd5 Bxb6 62. Rxb6+ Kg5 63. Be4 Kh4 64. Rg6 Re7 65. Bf5 Ra7 66.
Re6 Ra3+ 67. Re3 Ra7 68. Kf4 Ra4+ 69. Re4 g5+ 70. Ke5 Ra5+ 71. Kf6 Ra6+ 72. Re6
Ra2 73. Re8 Ra6+ 74. Be6 1-0